000 00754nam a2200253Ia 4500
003 OSt
005 20221005133637.0
006 a|||||r|||| 00| 0
007 ta
008 221004b |||||||| |||| 00| 0 hin d
024 _a107481
037 _cTextual
040 _aCRL
_cCRL
_bhin
041 _2hin
_ahin
082 _aO152:gN, L8
100 _aअग्रवाल
245 0 _aशुक्लोत्तर आलोचना और डॉ. नगेन्द्र
246 _aShuklottar ālochanā aur ḍaॉ. Nagendra
260 _c1978
300 _a273पृ0
_ccm.
650 _aहिन्दी साहित्य
942 _hO152:gN, L8
_cTEXL
_2cc
999 _c1067428
_d1067428